| 000 | 00560nam a2200169 4500 | ||
|---|---|---|---|
| 008 | 0 1994 0a 000 0USA | ||
| 020 | _a0-8306-4434-2 | ||
| 050 | _aQA614 86 L314 | ||
| 082 | _a001.64 L132f | ||
| 100 | _aLaplante, Phil | ||
| 245 | _aFractal Mania / Phil Laplante | ||
| 250 | _a4 | ||
| 260 | _aUnited States of America: McGraw-Hill | ||
| 300 | _axii, 158 p. / 24 cm. | ||
| 500 | _aIncluye Appendices, Glossary, index, references y bibliography. | ||
| 650 | _a1. FRACTALS \ 2. FRACTALS-DATA PROCESSING \ 3. CHAOTIC BEHAVIOR IN SYSTEMS | ||
| 999 |
_c11948 _d11948 |
||